Statistiques concernant Pays commençant par T (avec indices continentaux)

Cliquez ici pour prendre le quiz!

Statistiques générales

  • Ce quiz a été pris 649 fois
    (461 depuis la dernière actualisation)
  • Le résultat moyen est 10 sur 14

Statistiques - réponses

pays% Correct
Turquie
88%
Turkménistan
85%
Tanzanie
83%
Togo
79%
Tadjikistan
78%
Trinité-et-Tobago
75%
Tuvalu
75%
Tonga
74%
Thaïlande
73%
Tunisie
70%
Taïwan
62%
Tchad
57%
Timor-Leste
56%
Tchèquie
46%

Distribution des résultats

Percentile par nombre de réponses

% des personnes avec chaque résultat

Votre développement - résultats

Vous n’avez pas pris ce quiz depuis la dernière actualisation